<?xml version="1.0" encoding="UTF-8"?>
<collection xmlns="http://www.loc.gov/MARC21/slim">
 <record>
  <leader>04748cam a2200901   4500</leader>
  <controlfield tag="001">726842982</controlfield>
  <controlfield tag="003">DE-627</controlfield>
  <controlfield tag="005">20240308173513.0</controlfield>
  <controlfield tag="007">tu</controlfield>
  <controlfield tag="008">121004s2013    xxu||||| c    00| ||eng c</controlfield>
  <datafield tag="010" ind1=" " ind2=" ">
   <subfield code="a">  2012033738</subfield>
  </datafield>
  <datafield tag="020" ind1=" " ind2=" ">
   <subfield code="a">9781606061336</subfield>
   <subfield code="c">hardcover</subfield>
   <subfield code="9">978-1-60606-133-6</subfield>
  </datafield>
  <datafield tag="020" ind1=" " ind2=" ">
   <subfield code="a">160606133X</subfield>
   <subfield code="c">hardcover</subfield>
   <subfield code="9">1-60606-133-X</subfield>
  </datafield>
  <datafield tag="035" ind1=" " ind2=" ">
   <subfield code="a">(DE-627)726842982</subfield>
  </datafield>
  <datafield tag="035" ind1=" " ind2=" ">
   <subfield code="a">(DE-576)38023887X</subfield>
  </datafield>
  <datafield tag="035" ind1=" " ind2=" ">
   <subfield code="a">(DE-599)GBV726842982</subfield>
  </datafield>
  <datafield tag="035" ind1=" " ind2=" ">
   <subfield code="a">(OCoLC)842495002</subfield>
  </datafield>
  <datafield tag="035" ind1=" " ind2=" ">
   <subfield code="a">(OCoLC)811777264</subfield>
  </datafield>
  <datafield tag="040" ind1=" " ind2=" ">
   <subfield code="a">DE-627</subfield>
   <subfield code="b">ger</subfield>
   <subfield code="c">DE-627</subfield>
   <subfield code="e">rakwb</subfield>
  </datafield>
  <datafield tag="041" ind1=" " ind2=" ">
   <subfield code="a">eng</subfield>
  </datafield>
  <datafield tag="044" ind1=" " ind2=" ">
   <subfield code="c">XD-US</subfield>
  </datafield>
  <datafield tag="050" ind1=" " ind2="0">
   <subfield code="a">DG55.S5</subfield>
  </datafield>
  <datafield tag="082" ind1="0" ind2=" ">
   <subfield code="a">937/.8</subfield>
   <subfield code="q">LOC</subfield>
   <subfield code="2">23</subfield>
  </datafield>
  <datafield tag="082" ind1="0" ind2=" ">
   <subfield code="a">937.8</subfield>
  </datafield>
  <datafield tag="084" ind1=" " ind2=" ">
   <subfield code="a">6,14</subfield>
   <subfield code="2">ssgn</subfield>
  </datafield>
  <datafield tag="084" ind1=" " ind2=" ">
   <subfield code="a">LF 1340</subfield>
   <subfield code="2">rvk</subfield>
   <subfield code="0">(DE-625)rvk/91183:</subfield>
  </datafield>
  <datafield tag="084" ind1=" " ind2=" ">
   <subfield code="a">LF 8680</subfield>
   <subfield code="q">BVB</subfield>
   <subfield code="2">rvk</subfield>
   <subfield code="0">(DE-625)rvk/92035:</subfield>
  </datafield>
  <datafield tag="084" ind1=" " ind2=" ">
   <subfield code="a">15.17</subfield>
   <subfield code="2">bkl</subfield>
  </datafield>
  <datafield tag="084" ind1=" " ind2=" ">
   <subfield code="a">20.62</subfield>
   <subfield code="2">bkl</subfield>
  </datafield>
  <datafield tag="084" ind1=" " ind2=" ">
   <subfield code="a">20.61</subfield>
   <subfield code="2">bkl</subfield>
  </datafield>
  <datafield tag="245" ind1="1" ind2="0">
   <subfield code="a">Sicily</subfield>
   <subfield code="b">art and invention between Greece and Rome ; [... on view at the J. Paul Getty Museum at the Getty Villa in Malibu, from April 3 to August 19, 2013; at the Cleveland Museum of Art from September 30, 2013 to January 5, 2014; and at Palazzo Ajutamicristo, Palermo, from February 14 to June 15, 2014]</subfield>
   <subfield code="c">ed. by Claire L. Lyons, Michael Bennett, Clemente Marconi with Alexandra Sofroniew</subfield>
  </datafield>
  <datafield tag="264" ind1=" " ind2="1">
   <subfield code="a">Los Angeles, Calif.</subfield>
   <subfield code="b">The J. Paul Getty Museum</subfield>
   <subfield code="c">2013</subfield>
  </datafield>
  <datafield tag="300" ind1=" " ind2=" ">
   <subfield code="a">XXI, 254 S.</subfield>
   <subfield code="b">zahlr. col. Ill., Kt.</subfield>
  </datafield>
  <datafield tag="336" ind1=" " ind2=" ">
   <subfield code="a">Text</subfield>
   <subfield code="b">txt</subfield>
   <subfield code="2">rdacontent</subfield>
  </datafield>
  <datafield tag="336" ind1=" " ind2=" ">
   <subfield code="a">unbewegtes Bild</subfield>
   <subfield code="b">sti</subfield>
   <subfield code="2">rdacontent</subfield>
  </datafield>
  <datafield tag="337" ind1=" " ind2=" ">
   <subfield code="a">ohne Hilfsmittel zu benutzen</subfield>
   <subfield code="b">n</subfield>
   <subfield code="2">rdamedia</subfield>
  </datafield>
  <datafield tag="338" ind1=" " ind2=" ">
   <subfield code="a">Band</subfield>
   <subfield code="b">nc</subfield>
   <subfield code="2">rdacarrier</subfield>
  </datafield>
  <datafield tag="500" ind1=" " ind2=" ">
   <subfield code="a">Hier auch später erschienene, unveränderte Nachdrucke</subfield>
  </datafield>
  <datafield tag="583" ind1="1" ind2=" ">
   <subfield code="a">Archivierung/Langzeitarchivierung gewährleistet</subfield>
   <subfield code="f">SSG</subfield>
   <subfield code="x">XA-DE-BW</subfield>
   <subfield code="2">pdager</subfield>
   <subfield code="5">DE-16</subfield>
  </datafield>
  <datafield tag="650" ind1=" " ind2="0">
   <subfield code="a">Greeks</subfield>
   <subfield code="z">Italy</subfield>
   <subfield code="z">Sicily</subfield>
   <subfield code="x">History</subfield>
  </datafield>
  <datafield tag="650" ind1=" " ind2="0">
   <subfield code="a">Arts, Classical</subfield>
   <subfield code="z">Italy</subfield>
   <subfield code="z">Sicily</subfield>
  </datafield>
  <datafield tag="650" ind1=" " ind2="0">
   <subfield code="a">Greeks</subfield>
   <subfield code="x">History</subfield>
   <subfield code="x">Italy</subfield>
   <subfield code="x">Sicily</subfield>
  </datafield>
  <datafield tag="650" ind1=" " ind2="0">
   <subfield code="a">Arts, Classical</subfield>
   <subfield code="x">Italy</subfield>
   <subfield code="x">Sicily</subfield>
  </datafield>
  <datafield tag="651" ind1=" " ind2="0">
   <subfield code="a">Sicily (Italy)</subfield>
   <subfield code="x">History</subfield>
   <subfield code="y">To 800</subfield>
  </datafield>
  <datafield tag="651" ind1=" " ind2="0">
   <subfield code="a">Sicily (Italy)</subfield>
   <subfield code="x">Civilization</subfield>
   <subfield code="x">Greek influences</subfield>
  </datafield>
  <datafield tag="651" ind1=" " ind2="0">
   <subfield code="a">Rome</subfield>
   <subfield code="x">History</subfield>
   <subfield code="y">Republic, 510-30 B.C</subfield>
  </datafield>
  <datafield tag="651" ind1=" " ind2="0">
   <subfield code="a">Sicily (Italy)</subfield>
   <subfield code="x">History</subfield>
   <subfield code="x">To 800</subfield>
  </datafield>
  <datafield tag="651" ind1=" " ind2="0">
   <subfield code="a">Sicily (Italy)</subfield>
   <subfield code="x">Civilization</subfield>
   <subfield code="x">Greek influences</subfield>
  </datafield>
  <datafield tag="651" ind1=" " ind2="0">
   <subfield code="a">Rome</subfield>
   <subfield code="x">History</subfield>
   <subfield code="x">Republic, 510-30 B.C</subfield>
  </datafield>
  <datafield tag="655" ind1=" " ind2="7">
   <subfield code="a">Ausstellungskatalog</subfield>
   <subfield code="y">2013</subfield>
   <subfield code="z">Malibu Beach, Calif.</subfield>
   <subfield code="0">(DE-588)4135467-9</subfield>
   <subfield code="0">(DE-627)10566491X</subfield>
   <subfield code="0">(DE-576)209660988</subfield>
   <subfield code="2">gnd-content</subfield>
  </datafield>
  <datafield tag="689" ind1="0" ind2="0">
   <subfield code="d">g</subfield>
   <subfield code="0">(DE-588)4055193-3</subfield>
   <subfield code="0">(DE-627)104540818</subfield>
   <subfield code="0">(DE-576)209112689</subfield>
   <subfield code="a">Sizilien</subfield>
   <subfield code="2">gnd</subfield>
  </datafield>
  <datafield tag="689" ind1="0" ind2="1">
   <subfield code="d">s</subfield>
   <subfield code="0">(DE-588)4125698-0</subfield>
   <subfield code="0">(DE-627)104470348</subfield>
   <subfield code="0">(DE-576)209578750</subfield>
   <subfield code="a">Kultur</subfield>
   <subfield code="2">gnd</subfield>
  </datafield>
  <datafield tag="689" ind1="0" ind2="2">
   <subfield code="d">s</subfield>
   <subfield code="0">(DE-588)4114333-4</subfield>
   <subfield code="0">(DE-627)105822957</subfield>
   <subfield code="0">(DE-576)209483733</subfield>
   <subfield code="a">Kunst</subfield>
   <subfield code="2">gnd</subfield>
  </datafield>
  <datafield tag="689" ind1="0" ind2="3">
   <subfield code="d">s</subfield>
   <subfield code="0">(DE-588)4049396-9</subfield>
   <subfield code="0">(DE-627)106187155</subfield>
   <subfield code="0">(DE-576)209081880</subfield>
   <subfield code="a">Religion</subfield>
   <subfield code="2">gnd</subfield>
  </datafield>
  <datafield tag="689" ind1="0" ind2="4">
   <subfield code="a">z</subfield>
   <subfield code="2">gnd</subfield>
   <subfield code="a">Geschichte 480 v. Chr.-211 v. Chr.</subfield>
  </datafield>
  <datafield tag="689" ind1="0" ind2=" ">
   <subfield code="5">(DE-627)</subfield>
  </datafield>
  <datafield tag="700" ind1="1" ind2=" ">
   <subfield code="a">Lyons, Claire L.</subfield>
   <subfield code="d">1955-</subfield>
   <subfield code="e">Hrsg.</subfield>
   <subfield code="0">(DE-588)17306647X</subfield>
   <subfield code="0">(DE-627)697990583</subfield>
   <subfield code="0">(DE-576)176612181</subfield>
   <subfield code="4">edt</subfield>
  </datafield>
  <datafield tag="700" ind1="1" ind2=" ">
   <subfield code="a">Bennett, Michael J.</subfield>
   <subfield code="d">1959-</subfield>
   <subfield code="0">(DE-588)171972678</subfield>
   <subfield code="0">(DE-627)696868369</subfield>
   <subfield code="0">(DE-576)132849712</subfield>
   <subfield code="4">oth</subfield>
  </datafield>
  <datafield tag="700" ind1="1" ind2=" ">
   <subfield code="a">Marconi, Clemente</subfield>
   <subfield code="d">1966-</subfield>
   <subfield code="0">(DE-588)140211225</subfield>
   <subfield code="0">(DE-627)616944004</subfield>
   <subfield code="0">(DE-576)174032803</subfield>
   <subfield code="4">oth</subfield>
  </datafield>
  <datafield tag="710" ind1="2" ind2=" ">
   <subfield code="a">J. Paul Getty Museum</subfield>
   <subfield code="0">(DE-588)19128-0</subfield>
   <subfield code="0">(DE-627)100589723</subfield>
   <subfield code="0">(DE-576)19027591X</subfield>
   <subfield code="4">oth</subfield>
  </datafield>
  <datafield tag="710" ind1="2" ind2=" ">
   <subfield code="a">The Cleveland Museum of Art</subfield>
   <subfield code="0">(DE-588)1007926-9</subfield>
   <subfield code="0">(DE-627)103113371</subfield>
   <subfield code="0">(DE-576)191174963</subfield>
   <subfield code="4">oth</subfield>
  </datafield>
  <datafield tag="711" ind1="2" ind2=" ">
   <subfield code="a">Exhibition Sicily: Art and Invention between Greece and Rome</subfield>
   <subfield code="d">2013-2014</subfield>
   <subfield code="c">Los Angeles, Calif. u.a.</subfield>
   <subfield code="0">(DE-588)1035098024</subfield>
   <subfield code="0">(DE-627)746838190</subfield>
   <subfield code="0">(DE-576)382715152</subfield>
   <subfield code="4">oth</subfield>
  </datafield>
  <datafield tag="787" ind1="0" ind2="8">
   <subfield code="i">Rezensiert in</subfield>
   <subfield code="a">Leone, Rosina</subfield>
   <subfield code="t">[Rezension von: Claire L. Lyons (Hrsg.), Sicily: Art and invention between Greece and Rome]</subfield>
   <subfield code="d">2015</subfield>
   <subfield code="w">(DE-627)1823664199</subfield>
  </datafield>
  <datafield tag="856" ind1="4" ind2="2">
   <subfield code="u">https://swbplus.bsz-bw.de/bsz38023887Xinh.htm</subfield>
   <subfield code="m">B:DE-576;DE-16</subfield>
   <subfield code="q">application/pdf</subfield>
   <subfield code="v">20130521102312</subfield>
   <subfield code="x">Verlag</subfield>
   <subfield code="3">Inhaltsverzeichnis</subfield>
  </datafield>
  <datafield tag="935" ind1=" " ind2=" ">
   <subfield code="i">Blocktest</subfield>
  </datafield>
  <datafield tag="936" ind1="r" ind2="v">
   <subfield code="a">LF 1340</subfield>
   <subfield code="b">Sizilien</subfield>
   <subfield code="k">Klassische Archäologie</subfield>
   <subfield code="k">Topografie und Grabungspublikationen</subfield>
   <subfield code="k">Historische Landeskunde und regionale Topografie</subfield>
   <subfield code="k">Italien insgesamt</subfield>
   <subfield code="k">Sizilien</subfield>
   <subfield code="0">(DE-627)1398971073</subfield>
   <subfield code="0">(DE-625)rvk/91183:</subfield>
   <subfield code="0">(DE-576)328971073</subfield>
  </datafield>
  <datafield tag="936" ind1="r" ind2="v">
   <subfield code="a">LF 8680</subfield>
   <subfield code="b">M Sonstige</subfield>
   <subfield code="k">Klassische Archäologie</subfield>
   <subfield code="k">Museen - Sammlungen - Ausstellungen</subfield>
   <subfield code="k">Kataloge von Ausstellungen</subfield>
   <subfield code="k">Orte M</subfield>
   <subfield code="k">M Sonstige</subfield>
   <subfield code="0">(DE-627)1271614014</subfield>
   <subfield code="0">(DE-625)rvk/92035:</subfield>
   <subfield code="0">(DE-576)201614014</subfield>
  </datafield>
  <datafield tag="936" ind1="b" ind2="k">
   <subfield code="a">15.17</subfield>
   <subfield code="j">Klassische Archäologie</subfield>
   <subfield code="0">(DE-627)106419749</subfield>
  </datafield>
  <datafield tag="936" ind1="b" ind2="k">
   <subfield code="a">20.62</subfield>
   <subfield code="j">Italische Kunst</subfield>
   <subfield code="j">etruskische Kunst</subfield>
   <subfield code="j">römische Kunst</subfield>
   <subfield code="0">(DE-627)106406590</subfield>
  </datafield>
  <datafield tag="936" ind1="b" ind2="k">
   <subfield code="a">20.61</subfield>
   <subfield code="j">Griechische Kunst</subfield>
   <subfield code="0">(DE-627)106421743</subfield>
  </datafield>
  <datafield tag="951" ind1=" " ind2=" ">
   <subfield code="a">BO</subfield>
  </datafield>
  <datafield tag="990" ind1=" " ind2=" ">
   <subfield code="a">Sizilien</subfield>
  </datafield>
  <datafield tag="990" ind1=" " ind2=" ">
   <subfield code="a">Kultur</subfield>
  </datafield>
  <datafield tag="990" ind1=" " ind2=" ">
   <subfield code="a">Kunst</subfield>
  </datafield>
  <datafield tag="990" ind1=" " ind2=" ">
   <subfield code="a">Religion</subfield>
  </datafield>
  <datafield tag="990" ind1=" " ind2=" ">
   <subfield code="a">Geschichte 480 v. Chr.-211 v. Chr.</subfield>
  </datafield>
  <datafield tag="991" ind1=" " ind2=" ">
   <subfield code="a">Rezensiertes Werk</subfield>
  </datafield>
  <datafield tag="999" ind1=" " ind2=" ">
   <subfield code="a">KXP-PPN726842982</subfield>
   <subfield code="e">4219583823</subfield>
  </datafield>
 </record>
</collection>
